1231 1950 1881 1680 1971 1659 1996 1377 1379 1496 1232 1840 1060 1875 1551 1452 1830 1159 1121 1942 1611 1041 1699 1516 1356 1343 1649 1309 1068 1049 1550 1402 1904 1090 1400 1117 1632 1617 1578 1409 1144 1523 1935 1503 1014 1624 1054 1945 1587 1984 1067 1999 1259 1030 1749 1772 1193 1686 1126 1131 1741 1707 1781 1753 1687 1355 1836 1453 1970 1933 1925 1610 2000 1245 1484 1267 1131 1019 1625 1280 1508 1064 1990 1440 1001 1676 1077 1043 1582 1202 1666 1291 1443 1710 1082 1379 1625 1935 1962 BCNSPRNW ULIB Ver.6.0+V

เปลี่ยนเป็นภาษาไทย

Change to English
 แสดงรายละเอียดบรรณานุกรม
  กลับหน้าหลัก

Brief Record : Get Marc (ISO 2709) : E-mail record : QR code < ปิดหน้าต่าง
LEADER : 00000nam 2200000uu 4500
001    13399114414
003     ULIB
008    120328s||||||||th 000 0 tha d
020    ^a9786162440090
050  4 ^aBQ4190^bพ358ส
100 0  ^aพระมหาสมปอง ตาลปุตฺโต
245 10 ^aสุขจัง /^cพระมหาสมปอง ตาลปุตโต ; เรียบเรียงโดย ศราวุธ
250    ^aพิมพ์ครั้งที่ 1
260    ^aกรุงเทพฯ :^bโพสต์บุ๊กส์,^c2554
300    ^a143 หน้า :^bภาพประกอบ ;^c19 ซม.
500    ^aSend to Single Search
700 0  ^aศราวุธ เอี่ยมเซี่ยม,^eเรียบเรียง
945    ^p145^l0^i031516
995    ^aทศพร
999 ^a ทศพร
รายการนี้ยังไม่มีแท็ก
คุณยังไม่ได้ล็อกอิน คุณสามารถมีกิจกรรมร่วมกับเว็บไซต์ได้ แต่ต้องล็อกอินก่อน ::
  ล็อกอิน

รายการสื่อสารสนเทศ

ลำดับที่ ประเภท เลขเรียก/บาร์โค้ด สถานที่ สถานะ
- ไม่พบข้อมูล -

รายการใกล้เคียง
    ผู้แต่ง [พระมหาสมปอง ตาลปุตฺโต]

BibComment


ยังไม่เคยถูกคอมเมนท์

คอมเมนท์ทรัพยากรรายการนี้
  คอมเมนท์: สุขจัง พระมหาสม..


 Copyright 2026. Bcnsprnw @Library